000 04432nab a2200325 i 4500
003 BR-BrBNA
005 20250319165109.0
008 250319b2017 bl.|r|pooa||| 00| 0 por |
040 _aBR-BrBNA
_bpor
072 _aL70
_b8830
072 _aQ03
100 _aRibeiro, J.
100 _aKnoff, M.
100 _aFelizardo, N.N.
100 _aVericimo, M.A.
100 _aSão Clemente, S.C.
245 _aResposta imunológica a antígenos de Hysterothylacium deardorffoverstreetorum de peixes teleósteos
500 _aPublicação online; 17 ref.; Summaries (En, Pt)
520 _a RESUMO - Anisaquidose é uma doença provocada por parasitos da família Anisakidae e se caracteriza por manifestações gastrointestinais e alérgicas. O Anisakis simplex é o parasito mais patogênico ao homem e altamente alergênico. Porém, outros anisaquídeos também são danosos aos humanos, mas é desconhecida a imunogenicidade dessas larvas. O objetivo deste trabalho foi avaliar o potencial imunogênico do parasito Hysterothylacium deardorffoverestreetorum (HD) em modelo murino. Camundongos da linhagem BALB/c foram divididos em três grupos experimentais e receberam as preparações antigênicas obtidas de larvas de HD: extrato bruto de larvas (EBH), extrato secretado/ excretado de larvas (ESH) e extrato bruto de larvas após excreção/secreção (EEH). Amostras séricas foram obtidas em diferentes dias após imunização para determinação dos níveis de anticorpos específicos pelo ensaio imunoenzimático (ELISA). Os resultados demonstram aumento na produção de imunoglobulina (Ig) G após a segunda imunização, com aumento progressivo após a terceira imunização. Já em relação à IgE, a reatividade foi mais tardia, demonstrando aumento progressivo após a terceira imunização. Foi avaliada a imunidade celular por meio da intradermorreação, como resultado estatisticamente significativo em relação ao controle utilizado. Este experimento é a primeira descrição da potencialidade patogênica desse parasito em mamíferos e representa um avanço no diagnóstico da anisaquidose humana. Palavras-chave: anisaquidose, Hysterothylacium, infecção experimental, modelo murino
520 _a ABSTRACT - Anisaquidosis is a disease caused by parasites of Anisakidae family and is characterized by gastrointestinal and allergic reactions. The Anisakis simplex is a more pathogenic Anisakidae to humans and is highly allergenic. However, other species of this family also have characteristics that are harmful to humans, but little is known about the immunogenicity this parasites. The objective of this study was to experimentally assess the immunogenic potential of the parasite Hysterothylacium deardorffoverestreetorum (H.D) in mice. Mice of inbred BALB/c strain were divided into three groups and received three immunizations of the following antigenic preparations obtained from L3 larvae H.D: Crude larval extract of H.D (CEH) Extract secreted / excreted larvae H.D. (ESH) and crude extract of larvae after excretion / secretion (EEH). Serum samples were obtained on different days after immunization to determine the levels of circulating specific antibodies by enzyme-linked immunosorbent assay (ELISA). The results show increased production of immunoglobulin (Ig) G after the second immunization with a gradual increase after the third immunization. Regarding IgE reactivity, this occurred later, demonstrating a progressive increase only after the third immunization. Cellular immunity was evaluated by intradermal, and showed statistically significant result compared to the control used. This experiment is the first description of the pathogenic potential of this parasite in mammals and represents a breakthrough in the diagnosis of human Anisakidosis. Keywords: anisakidosis, Hysterothylacium, experimental infection, murine model
650 _aPEIXE
650 _aPARASITO
650 _aCAMUNDONGO
650 _aANISAQUIDOSE
650 _aSAÚDE PÚBLICA
773 0 _01643
_9349155
_dBelo Horizonte-MG Universidade Federal de Minas Gerais - Escola de Veterinaria 1983
_o2025-1673
_tArquivo Brasileiro de Medicina Veterinária e Zootecnia (Brazil)
_x0102-0935
_gv. 69(2); p. 422-438; (2017)
_wBR2025000151
856 _uhttps://www.scielo.br/j/abmvz/a/cvZb6yRGJKVHmgfTZLJ9LYk/?format=pdf&lang=pt
942 _cANA
999 _c330538
_d330538